Ładuje się......

Algorithms and protocols for wireless and mobile ad hoc networks

Opis bibliograficzny
1. autor: Boukerche , Azzedine (ed.by)
Format: Printed Book
Język:English
Wydane: New Jersey John Wiley & Sons 2009
Hasła przedmiotowe:
LEADER 00718nam a2200181 a 4500
005 20151026132416.0
008 960221s1955 dcuabcdjdbkoqu001 0deng d
003 ViArRB
020 |a 9780470383582 
100 |a Boukerche , Azzedine  |e ed.by 
245 |a Algorithms and protocols for wireless and mobile ad hoc networks 
260 |a New Jersey  |b John Wiley & Sons  |c 2009 
300 |a xv,495p 
500 |a   
653 |a Wireless LANs  |a Computer networks- LANs  |a Ad hoc networks (Computer networks)  |a Computer algorithms  |a Computer science  |a Mobile computing 
942 |c BK  |6 _ 
999 |c 48119  |d 48119 
952 |0 0  |1 0  |2 udc  |4 0  |6 004722_BOU  |7 0  |9 60751  |a UL  |b UL  |d 2010-06-16  |l 3  |m 4  |o 004.722 BOU  |p 00061788  |r 2011-04-25  |s 2011-02-07  |w 2010-06-16  |y BK